000 00358nam a2200133Ia 4500
008 240624s9999 xx 000 0 und d
041 _aeng
082 _a650.1 BLA
100 _aBLANCHARD KEN
245 _aFULL STEAM AHEAD UNLEASH THE POWER OF VI
260 _c2009
_aNew Delhi
_bTata McGraw- Hill
300 _axii, : 171 : p. : cm. ; 21
365 _cRS
_b20
999 _c16077
_d16077